000
00243nam a22001217a 4500
040
_c
SK
082
_a
658
100
_a
អេង លេង
245
_a
Financial management
260
_a
RUA
_b
អេង
_c
2011
300
_a
15p.
942
_c
KB
999
_c
9960
_d
9960